000 00494nam a2200157 a 4500
001 000035621
005 20200930074459.0
008 111105s2010 bl 000 0 spa d
020 _a9788599508268
040 _aDO-SdBNP
_bspa
_cBNPHU
082 _axxx
_bR768e
100 1 _aRónai, Paulo,
_d1907-
_961525
245 1 0 _aEncontros com o Brasil /
_cPaulo Rónai.
260 _aRio de Janeiro, :
_bMinistério da Cultura, Fundação Biblioteca Nacional :
_bBatel,
_c2010.
300 _a220 p. ;
_c21 cm.
999 _c35112
_d35112